| 000 | 00789nam a2200265Ia 4500 | ||
|---|---|---|---|
| 003 | OSt | ||
| 005 | 20220928112521.0 | ||
| 006 | a|||||r|||| 00| 0 | ||
| 007 | ta | ||
| 008 | 220927b |||||||| |||| 00| 0 eng d | ||
| 020 | _c4039.79 | ||
| 024 | _a124298 | ||
| 037 |
_b85, 22/08/2014, Vardhman Books _cTextual |
||
| 040 |
_aSDCL _cSDCL _beng |
||
| 041 |
_2eng _aeng |
||
| 082 | _aX:89Q8, Q4 | ||
| 100 |
_aOakland John S. _9428491 |
||
| 245 | 0 |
_aTotal quality management and operational excellence _b Text with cases |
|
| 250 | _a4th | ||
| 260 |
_aNew York _b Routledge _c2014 |
||
| 300 |
_aix;530p _ccm. |
||
| 650 | _aApplied Operation Research | ||
| 942 |
_hX:89Q8, Q4 _cTEXL _2CC |
||
| 999 |
_c745062 _d745062 |
||